000 01155nam a2200289 a 4500
001 BRL_44
005 20190320210550.0
008 750217s2002----nyua######---#000-0#eng-#
041 _aeng
044 _anyu
050 4 _aE99.N3
_b.W67 2002
100 1 _aWinter, Mark
_d1950-
_922738
245 1 0 _aDances with wool
_bcelebrating 100 years of woven images from southwestern mythology
_cby Mark Winter ; textile photography by Tony Vinella and Dan Barsotti.
260 _aNewcomb, N. M.
_bToadlena Trading Post
_cc2002
300 _a72 p.
_bil. (algunas a color)
_c29 cm.
500 _aAn Exhibition Organized By The Historic Toadlena Trading Post For The Fifth Anniversary Celebration June 15, 2002
500 _aAu369
504 _aBibliografía : p. 72
650 1 4 _aFábricas textiles indígenas
_vCatálogos
_xHistoria
_922739
650 1 4 _aFábricas textiles indígenas
_vCatálogos
_xTemas, motivos
_922740
650 1 4 _aNavajo mujeres tejedoras
_vCatálogos
_xHistoria
_922741
650 1 4 _aTejedores Navajo
_vCatálogos
_xGenealogía
_922742
700 1 _aVinella, Tony
_922743
700 1 _aBarsotti, Dan
_922744
902 _aGRL
942 _2lcc
_cB
999 _c8857
_d8857